000 00635nam a2200193Ia 4500
003 GCL
005 20240530105049.0
008 140319s9999 xx 000 0 ara d
040 _aGCL /
_cGCL
082 0 4 _a415
_bم ك
100 1 _aصبرى ابراهيم السيد
245 1 0 _aالكافى فى النحو وتطبيقاته /
_cصبرى ابراهيم السيد
260 _a[ الاسكندرية ] :
_bدار المعرفة الجامعية ،
_c1992
300 _aمتعدد ؛
_b24 سم
650 0 4 _aنحو
650 0 4 _aاللغة العربية
650 0 4 _aعلم اللغة المقارن
942 _2ddc
_cBK
999 _c52867
_d52867